2307-愛知高速交通の駅 - Statistics

General Stats
  • This quiz has been taken 129 times
    128 since last reset
  • The average score is 7 of 9
Answer Stats
東部丘陵線 % Correct
藤が丘
97%
八草
97%
長久手古戦場
85%
愛・地球博記念公園
84%
はなみずき通
81%
公園西
71%
陶磁資料館南
71%
芸大通
70%
杁ヶ池公園
57%
No matching quizzes found
Score Distribution
Percent of People with Each Score
Percentile by Number Answered
Your Score History
You have not taken this quiz since the last reset